书目信息 |
| 题名: |
装饰设计表现图技法
|
|
| 作者: | 吴林春 编著 | |
| 分册: | ||
| 出版信息: | 南京 东南大学出版社 1997.08 |
|
| 页数: | 111页 | |
| 开本: | 16开 | |
| 丛书名: | ||
| 单 册: | ||
| 中图分类: | ||
| 科图分类: | ||
| 主题词: | 建筑设计 | |
| 电子资源: | ||
| ISBN: | 7-81050-236-0 | |
| 000 | 00598nam0 2200205 45 | |
| 001 | 9912111572 | |
| 005 | 20001009171822.6 | |
| 010 | @a7-81050-236-0@d18.00元 | |
| 100 | @a19991211d1997 km y0chiy0120 ea | |
| 101 | @achi | |
| 105 | @a z 000yy | |
| 200 | 1 | @a装饰设计表现图技法@AZhuang Shi She Ji Biao Xian TuJi Fa@f吴林春,徐云祥编著@FWu Lin Chun,Xu Yun Xiang Bian Zhu |
| 210 | @a南京@c东南大学出版社@d1997.08 | |
| 215 | @a111页@d16开 | |
| 606 | 0 | @a建筑设计 |
| 690 | @v3 | |
| 690 | @aTU238@v3 | |
| 701 | @a吴林春@4编著 | |
| 801 | @aCN@bPFTUser@c19991211 | |
| 905 | @dTU238@eW115@b173691-693@f3 | |
| 装饰设计表现图技法/吴林春,徐云祥编著.-南京:东南大学出版社,1997.08 |
| 111页;16开 |
| ISBN 7-81050-236-0:18.00元 |
| ● |
| 相关链接 |
|
|
|
正题名:装饰设计表现图技法
索取号:TU238/W115
 
预约/预借
| 序号 | 登录号 | 条形码 | 馆藏地/架位号 | 状态 | 备注 |
| 1 | 173691 | 201736915 | 建筑库101/101建筑库 50排4列1层/ [索取号:TU238/W115] | 在馆 | |
| 2 | 317649 | 203176491 | 自科二线404/404自科库 13排6列3层/ [索取号:TU238/W115] | 在馆 | |
| 3 | 317650 | 203176507 | 自科二线404/404自科库 13排6列3层/ [索取号:TU238/W115] | 在馆 | |
| 4 | 317652 | 203176525 | 自科二线404/404自科库 13排6列3层/ [索取号:TU238/W115] | 在馆 |